000 00305nam a22001337a 4500
008 170816b xxu||||| |||| 00| 0 eng d
020 _a9780201656428
041 _aeng
080 _a51
100 _a36
101 _aMAT
245 _aUSING AND UNDERSTANDING MATHEMATICS
_cBENNETT,J.O
942 _2udc
_cBK
999 _c23735
_d23735